{"text_format":"3","workbook":"xlsx","n_sheets":2,"sheets":["Foglio1","Foglio2"],"read":"whole","date_system":"1900"}

{"sheet":"Foglio1","index":0,"n_rows":419,"n_cols":14,"rows_kept":419,"merged":[[0,0,0,13],[1,0,1,5],[1,6,1,9],[1,10,1,13],[410,0,410,4],[410,6,410,8],[410,10,410,12],[412,6,412,11],[412,12,412,13],[413,6,413,11],[413,12,413,13],[414,6,414,9],[414,10,414,13],[415,6,415,9],[415,10,415,13],[416,2,416,3],[417,2,417,3],[418,2,418,3],[418,5,418,7],[418,8,418,12]]}
["SCHEMA OFFERTA RICAMBI SOLARIS"]
["ELENCO RICAMBI",{"$nulls":5},"RICAMBI ORIGINALI OFFERTI",{"$nulls":3},"RICAMBI EQUIVALENTI OFFERTI"]
["Descrizione del ricambio","P.N.\nOriginale","Unità di misura","Q.tà","Prezzo unitario a base d'asta","Prezzo totale a base d'asta","Marca","P. N. ","Prezzo unitario ","Prezzo\ntotale","Marca","P. N. ","Prezzo unitario","Prezzo\ntotale"]
["Motore a passo      ","0000-001-253","NR",4,{"v":155.247540525,"d":"€ 155.25"},{"$f":"SUM(E4*D4)","v":{"v":620.9901621,"d":"620.99"}},{"$nulls":3},{"$f":"I4*D4","v":0},{"$nulls":3},{"$f":"M4*D4","v":0}]
["Serbatoio gas       ","0000-009-899","NR",4,{"v":244.22681745000006,"d":"€ 244.23"},{"v":976.9072698000002,"d":"976.91"},{"$nulls":3},{"$f":"I5*D5","v":0},{"$nulls":3},{"$f":"M5*D5","v":0}]
["VALVOLA DI DISIDRATA","0000-017-740","NR",4,{"v":331.0795950000001,"d":"€ 331.08"},{"v":1324.3183800000004,"d":"1,324.32"},{"$nulls":3},0,{"$nulls":3},0]
["CILINDRO FRENO      ","0000-022-098","NR",4,{"v":262.702,"d":"€ 262.70"},{"v":1050.808,"d":"1,050.81"},{"$nulls":3},0,{"$nulls":3},0]
["MANICO FISSAGGIO    ","0000-031-654","NR",4,{"v":47.61788262,"d":"€ 47.62"},{"v":190.47153048,"d":"190.47"},{"$nulls":3},0,{"$nulls":3},0]
["Filtro     ","0000-031-668","NR",40,{"v":33.968,"d":"€ 33.97"},{"v":1358.7200000000003,"d":"1,358.72"},{"$nulls":3},0,{"$nulls":3},0]
["Elemento fissante   ","0000-032-270","NR",6,{"v":13.099236150000003,"d":"€ 13.10"},{"v":78.59541690000002,"d":"78.60"},{"$nulls":3},0,{"$nulls":3},0]
["Tenditore alternator","0000-032-274","NR",6,{"v":20.741547750000006,"d":"€ 20.74"},{"v":124.44928650000003,"d":"124.45"},{"$nulls":3},0,{"$nulls":3},0]
["LAMPADA LUCE RETROMA","0000-036-383","NR",8,{"v":83.17295217000002,"d":"€ 83.17"},{"v":665.3836173600001,"d":"665.38"},{"$nulls":3},0,{"$nulls":3},0]
["INDICATORE DI DIREZI","0000-036-384","NR",4,{"v":58.14045583500001,"d":"€ 58.14"},{"v":232.56182334000005,"d":"232.56"},{"$nulls":3},0,{"$nulls":3},0]
["LAMPADA LUCE ANTINEB","0000-036-385","NR",4,{"v":58.14045583500001,"d":"€ 58.14"},{"v":232.56182334000005,"d":"232.56"},{"$nulls":3},0,{"$nulls":3},0]
["LAMPADA LUCE STOP E ","0000-036-386","NR",4,{"v":58.14045583500001,"d":"€ 58.14"},{"v":232.56182334000005,"d":"232.56"},{"$nulls":3},0,{"$nulls":3},0]
["PANNELLO TETTO      ","0000-039-441","NR",4,{"v":17.886000000000003,"d":"€ 17.89"},{"v":71.54400000000001,"d":"71.54"},{"$nulls":3},0,{"$nulls":3},0]
["Tensione rullo      ","0000-057-506","NR",4,{"v":150.96182640000004,"d":"€ 150.96"},{"v":603.8473056000001,"d":"603.85"},{"$nulls":3},0,{"$nulls":3},0]
["Guarnizione","0000-058-474","NR",4,{"v":9.342202485000005,"d":"€ 9.34"},{"v":37.36880994000002,"d":"37.37"},{"$nulls":3},0,{"$nulls":3},0]
["Montaggio set       ","0000-059-867","NR",4,{"v":61.220935545000025,"d":"€ 61.22"},{"v":244.8837421800001,"d":"244.88"},{"$nulls":3},0,{"$nulls":3},0]
["MOTORE TERGICRISTALL","0000-061-127","NR",10,{"v":343.1973699,"d":"€ 343.20"},{"v":3431.973699,"d":"3,431.97"},{"$nulls":3},0,{"$nulls":3},0]
["SPAZZOLE DEL TERGICR","0000-061-148","NR",20,{"v":45.016356000000016,"d":"€ 45.02"},{"v":900.3271200000004,"d":"900.33"},{"$nulls":3},0,{"$nulls":3},0]
["Puleggia   ","0000-069-641","NR",4,{"v":79.79934270000003,"d":"€ 79.80"},{"v":319.1973708000001,"d":"319.20"},{"$nulls":3},0,{"$nulls":3},0]
["AMMORTIZZATORE ANTER","0000-074-826","NR",8,{"v":181.77709242000006,"d":"€ 181.78"},{"v":1454.2167393600005,"d":"1,454.22"},{"$nulls":3},0,{"$nulls":3},0]
["CINGHIA ","0000-088-660","NR",40,{"v":76.527,"d":"€ 76.53"},{"v":3061.08,"d":"3,061.08"},{"$nulls":3},0,{"$nulls":3},0]
["RUOTA FONICA","0000-090-686","NR",12,{"v":208.22681880000002,"d":"€ 208.23"},{"v":2498.7218256,"d":"2,498.72"},{"$nulls":3},0,{"$nulls":3},0]
["Serpentina pneumatic","0000-092-141","NR",4,{"v":424.81830468000004,"d":"€ 424.82"},{"v":1699.2732187200002,"d":"1,699.27"},{"$nulls":3},0,{"$nulls":3},0]
["SENSORE CHIUSURA SPO","0000-093-860","NR",12,{"v":56.13958350000002,"d":"€ 56.14"},{"v":673.6750020000003,"d":"673.68"},{"$nulls":3},0,{"$nulls":3},0]
["Filtro     ","0000-099-019","NR",40,{"v":4.323,"d":"€ 4.32"},{"v":172.92000000000002,"d":"172.92"},{"$nulls":3},0,{"$nulls":3},0]
["Tubo del liquido di ","0000-109-422","NR",4,{"v":301.65669534000006,"d":"€ 301.66"},{"v":1206.6267813600002,"d":"1,206.63"},{"$nulls":3},0,{"$nulls":3},0]
["Lampada di contorno ","0000-111-494","NR",8,{"v":26.15528800500001,"d":"€ 26.16"},{"v":209.24230404000008,"d":"209.24"},{"$nulls":3},0,{"$nulls":3},0]
["Filtro     ","0000-113-885","NR",40,{"v":26.002180050000007,"d":"€ 26.00"},{"v":1040.0872020000002,"d":"1,040.09"},{"$nulls":3},0,{"$nulls":3},0]
["INDICATORE DI DIREZI","0000-115-177","NR",10,{"v":102.30359485500001,"d":"€ 102.30"},{"v":1023.0359485500002,"d":"1,023.04"},{"$nulls":3},0,{"$nulls":3},0]
["CENTRALINA","0000-121-165","NR",2,{"v":736.9670000000001,"d":"€ 736.97"},{"v":1473.9340000000002,"d":"1,473.93"},{"$nulls":3},0,{"$nulls":3},0]
["supporto motore","0000-121-585","NR",8,{"v":2360.413,"d":"€ 2,360.41"},{"v":18883.304,"d":"18,883.30"},{"$nulls":3},0,{"$nulls":3},0]
["BRACCIO DELLO SPECCH","0000-121-715","NR",4,{"v":301.983,"d":"€ 301.98"},{"v":1207.932,"d":"1,207.93"},{"$nulls":3},0,{"$nulls":3},0]
["Modulo     ","0000-131-824","NR",4,{"v":258.2420841000001,"d":"€ 258.24"},{"v":1032.9683364000005,"d":"1,032.97"},{"$nulls":3},0,{"$nulls":3},0]
["LAMPADA ILLUMINAZION","0000-134-679","NR",20,{"v":32.301852660000016,"d":"€ 32.30"},{"v":646.0370532000003,"d":"646.04"},{"$nulls":3},0,{"$nulls":3},0]
["Cuscinetti a sfere  ","0000-136-290","NR",10,{"v":155.12322210000002,"d":"€ 155.12"},{"v":1551.2322210000002,"d":"1,551.23"},{"$nulls":3},0,{"$nulls":3},0]
["TUBETTO A “Z” PER IL","0000-139-699","NR",4,{"v":25.49312881500001,"d":"€ 25.49"},{"v":101.97251526000004,"d":"101.97"},{"$nulls":3},0,{"$nulls":3},0]
["POMPA ACQUA","0000-140-280","NR",2,{"v":326.172,"d":"€ 326.17"},{"v":652.344,"d":"652.34"},{"$nulls":3},0,{"$nulls":3},0]
["MORSETTO DI FISSAGGI","0000-143-490","NR",4,{"v":40.14699958500002,"d":"€ 40.15"},{"v":160.58799834000007,"d":"160.59"},{"$nulls":3},0,{"$nulls":3},0]
["Serratura  ","0000-159-638","NR",4,{"v":33.05038044000001,"d":"€ 33.05"},{"v":132.20152176000005,"d":"132.20"},{"$nulls":3},0,{"$nulls":3},0]
["PANNELLO PASSARUOTA ","0000-167-352","NR",2,{"v":232.77774481500012,"d":"€ 232.78"},{"v":465.55548963000024,"d":"465.56"},{"$nulls":3},0,{"$nulls":3},0]
["FANALE IU12 COTRAL  ","0000-168-696","NR",4,{"v":179.67545673000004,"d":"€ 179.68"},{"v":718.7018269200001,"d":"718.70"},{"$nulls":3},0,{"$nulls":3},0]
["FANALE LUCI ANTINEBB","0000-171-707","NR",2,{"v":169.13848875000002,"d":"€ 169.14"},{"v":338.27697750000004,"d":"338.28"},{"$nulls":3},0,{"$nulls":3},0]
["FANALE LUCI ANTINEBB","0000-171-708","NR",2,{"v":169.13848875000002,"d":"€ 169.14"},{"v":338.27697750000004,"d":"338.28"},{"$nulls":3},0,{"$nulls":3},0]
["Protezione OTK      ","0000-172-311","NR",2,{"v":552.9748974750001,"d":"€ 552.97"},{"v":1105.9497949500003,"d":"1,105.95"},{"$nulls":3},0,{"$nulls":3},0]
["LUCI DI MARCIA DIURN","0000-172-689","NR",2,{"v":179.34437713500006,"d":"€ 179.34"},{"v":358.6887542700001,"d":"358.69"},{"$nulls":3},0,{"$nulls":3},0]
["LUCI DI MARCIA DIURN","0000-172-690","NR",2,{"v":179.34437713500006,"d":"€ 179.34"},{"v":358.6887542700001,"d":"358.69"},{"$nulls":3},0,{"$nulls":3},0]
["SPORTELLO LATERALE","0000-175-797","NR",4,{"v":854.9090000000001,"d":"€ 854.91"},{"v":3419.6360000000004,"d":"3,419.64"},{"$nulls":3},0,{"$nulls":3},0]
["SPORTELLO LATERALE","0000-176-038","NR",4,{"v":599.8850000000001,"d":"€ 599.89"},{"v":2399.5400000000004,"d":"2,399.54"},{"$nulls":3},0,{"$nulls":3},0]
["SPORTELLO LATERALE","0000-176-043","NR",4,{"v":1163.3930000000003,"d":"€ 1,163.39"},{"v":4653.572000000001,"d":"4,653.57"},{"$nulls":3},0,{"$nulls":3},0]
["LAMPADA DI CONTORNO ","0000-178-322","NR",8,{"v":10.421809860000003,"d":"€ 10.42"},{"v":83.37447888000003,"d":"83.37"},{"$nulls":3},0,{"$nulls":3},0]
["COPERTURA MONTANTE P","0000-188-187","NR",10,{"v":108.60850192500004,"d":"€ 108.61"},{"v":1086.0850192500004,"d":"1,086.09"},{"$nulls":3},0,{"$nulls":3},0]
["COPERTURA MONTANTE P","0000-190-892","NR",10,{"v":108.60850192500004,"d":"€ 108.61"},{"v":1086.0850192500004,"d":"1,086.09"},{"$nulls":3},0,{"$nulls":3},0]
["CENTRALINA RALLA","0000-196-844","NR",2,{"v":7260.719466000001,"d":"€ 7,260.72"},{"v":14521.438932000003,"d":"14,521.44"},{"$nulls":3},0,{"$nulls":3},0]
["VOLANTE IU12 COTRAL ","0000-197-791","NR",2,{"v":369.22572225000016,"d":"€ 369.23"},{"v":738.4514445000003,"d":"738.45"},{"$nulls":3},0,{"$nulls":3},0]
["VETRO PORTA 1","0000-203-885","NR",2,{"v":822.4017139800004,"d":"€ 822.40"},{"v":1644.8034279600008,"d":"1,644.80"},{"$nulls":3},0,{"$nulls":3},0]
["VETRO PORTA 2","0000-203-887","NR",2,{"v":2347.301,"d":"€ 2,347.30"},{"v":4694.602,"d":"4,694.60"},{"$nulls":3},0,{"$nulls":3},0]
["SERVICE SET IU - SIN","0000-205-316","NR",10,{"v":370.70000000000005,"d":"€ 370.70"},{"v":3707.0000000000005,"d":"3,707.00"},{"$nulls":3},0,{"$nulls":3},0]
["SERVICE SET IU - DES","0000-205-979","NR",10,{"v":370.70000000000005,"d":"€ 370.70"},{"v":3707.0000000000005,"d":"3,707.00"},{"$nulls":3},0,{"$nulls":3},0]
["Ventilatore","0000-208-098","NR",4,{"v":602.8134997500001,"d":"€ 602.81"},{"v":2411.2539990000005,"d":"2,411.25"},{"$nulls":3},0,{"$nulls":3},0]
["BRACCIO TERGICRISTAL","0000-208-169","NR",4,{"v":63.19301835000002,"d":"€ 63.19"},{"v":252.77207340000007,"d":"252.77"},{"$nulls":3},0,{"$nulls":3},0]
["SPAZZOLE DEL TERGICR","0000-208-183","NR",20,{"v":26.669573700000004,"d":"€ 26.67"},{"v":533.3914740000001,"d":"533.39"},{"$nulls":3},0,{"$nulls":3},0]
["BRACCIO TERGICRISTAL","0000-208-935","NR",4,{"v":63.19301835000002,"d":"€ 63.19"},{"v":252.77207340000007,"d":"252.77"},{"$nulls":3},0,{"$nulls":3},0]
["MECCANISMO TERGICRIS","0000-208-945","NR",2,{"v":213.84077715000004,"d":"€ 213.84"},{"v":427.6815543000001,"d":"427.68"},{"$nulls":3},0,{"$nulls":3},0]
["Cerniera   ","0000-213-186","NR",4,{"v":39.75834093000002,"d":"€ 39.76"},{"v":159.03336372000007,"d":"159.03"},{"$nulls":3},0,{"$nulls":3},0]
["Fissaggio  ","0000-213-189","NR",8,{"v":4.519956210000002,"d":"€ 4.52"},{"$f":"SUM(E68*D68)","v":{"v":36.159649680000015,"d":"36.16"}},{"$nulls":3},0,{"$nulls":3},0]
["COFANO POSTERIORE","0000-221-497","NR",2,{"v":1427.382,"d":"€ 1,427.38"},{"v":2854.764,"d":"2,854.76"},{"$nulls":3},{"$f":"I69*D69","v":0},{"$nulls":3},{"$f":"M69*D69","v":0}]
["Tensione rullo      ","0000-228-634","NR",2,{"v":341.5223427000001,"d":"€ 341.52"},{"v":683.0446854000002,"d":"683.04"},{"$nulls":3},0,{"$nulls":3},0]
["SPORTELLO LATERALE","0000-229-508","NR",4,{"v":1353.2950419450003,"d":"€ 1,353.30"},{"v":5413.180167780001,"d":"5,413.18"},{"$nulls":3},0,{"$nulls":3},0]
["SERRATURA  ","0000-245-107","NR",2,{"v":915.8237388300004,"d":"€ 915.82"},{"v":1831.6474776600007,"d":"1,831.65"},{"$nulls":3},0,{"$nulls":3},0]
["VETRO PORTA 1 IU12 C","0000-246-074","NR",2,{"v":674.6970303150002,"d":"€ 674.70"},{"v":1349.3940606300005,"d":"1,349.39"},{"$nulls":3},0,{"$nulls":3},0]
["SPORTELLO LATERALE","0000-273-349","NR",4,{"v":1156.4080000000001,"d":"€ 1,156.41"},{"v":4625.6320000000005,"d":"4,625.63"},{"$nulls":3},0,{"$nulls":3},0]
["SPORTELLO LATERALE","0000-274-402","NR",4,{"v":644.248,"d":"€ 644.25"},{"v":2576.992,"d":"2,576.99"},{"$nulls":3},0,{"$nulls":3},0]
["CENTRALINA ECAS","0000-282-104","NR",2,{"v":466.4440000000001,"d":"€ 466.44"},{"v":932.8880000000001,"d":"932.89"},{"$nulls":3},0,{"$nulls":3},0]
["POMPA ADBLUE","0000-285-354","NR",2,{"v":5689.387000000001,"d":"€ 5,689.39"},{"v":11378.774000000001,"d":"11,378.77"},{"$nulls":3},0,{"$nulls":3},0]
["VALVOLA ADBLUE","0000-285-357","NR",2,{"v":782.683,"d":"€ 782.68"},{"v":1565.366,"d":"1,565.37"},{"$nulls":3},0,{"$nulls":3},0]
["INIETTORE ADBLUE","0000-285-363","NR",2,{"v":2589.9060000000004,"d":"€ 2,589.91"},{"v":5179.812000000001,"d":"5,179.81"},{"$nulls":3},0,{"$nulls":3},0]
["COMPRESSORE KLIMA","0000-293-942","NR",2,{"v":4865.256,"d":"€ 4,865.26"},{"v":9730.512,"d":"9,730.51"},{"$nulls":3},0,{"$nulls":3},0]
["POMPA IDROVENTOLA","0000-300-864","NR",2,{"v":2593.976,"d":"€ 2,593.98"},{"v":5187.952,"d":"5,187.95"},{"$nulls":3},0,{"$nulls":3},0]
["AMMORTIZZATORE ASSALE POST","0000-307-481","NR",8,{"v":155.99606830500005,"d":"€ 156.00"},{"v":1247.9685464400004,"d":"1,247.97"},{"$nulls":3},0,{"$nulls":3},0]
["Filtro     ","0000-312-590","NR",10,{"v":307.90402335000005,"d":"€ 307.90"},{"v":3079.0402335000003,"d":"3,079.04"},{"$nulls":3},0,{"$nulls":3},0]
["ALTERNATORE","0000-317-916","NR",4,{"v":794.70880335,"d":"€ 794.71"},{"v":3178.8352134,"d":"3,178.84"},{"$nulls":3},0,{"$nulls":3},0]
["PASTIGLIE DEL FRENO ","0000-324-420","NR",40,{"v":248.30969625000012,"d":"€ 248.31"},{"v":9932.387850000005,"d":"9,932.39"},{"$nulls":3},0,{"$nulls":3},0]
["COFANO ANTERIORE","0000-332-783","NR",2,{"v":552.7589760000002,"d":"€ 552.76"},{"v":1105.5179520000004,"d":"1,105.52"},{"$nulls":3},0,{"$nulls":3},0]
["PARAURTI ANTERIORE","0000-333-319","NR",2,{"v":1362.7811920800004,"d":"€ 1,362.78"},{"v":2725.562384160001,"d":"2,725.56"},{"$nulls":3},0,{"$nulls":3},0]
["PARAURTI ANTERIORE","0000-337-131","NR",2,{"v":1362.7811920800004,"d":"€ 1,362.78"},{"v":2725.562384160001,"d":"2,725.56"},{"$nulls":3},0,{"$nulls":3},0]
["MOTORINO   ","0000-344-526","NR",6,{"v":136.23205596000005,"d":"€ 136.23"},{"v":817.3923357600004,"d":"817.39"},{"$nulls":3},0,{"$nulls":3},0]
["Supporto   ","0000-347-754","NR",20,{"v":38.80043475000001,"d":"€ 38.80"},{"v":776.0086950000002,"d":"776.01"},{"$nulls":3},0,{"$nulls":3},0]
["SELETTORE  ","0000-358-897","NR",2,{"v":40.98189595500001,"d":"€ 40.98"},{"v":81.96379191000003,"d":"81.96"},{"$nulls":3},0,{"$nulls":3},0]
["RADIATORE ACQUA","0000-378-596","NR",2,{"v":2541.253,"d":"€ 2,541.25"},{"v":5082.506,"d":"5,082.51"},{"$nulls":3},0,{"$nulls":3},0]
["RADIATORE OLIO","0000-378-598","NR",2,{"v":516.4830000000001,"d":"€ 516.48"},{"v":1032.9660000000001,"d":"1,032.97"},{"$nulls":3},0,{"$nulls":3},0]
["RADIATORE INTERCOOLER","0000-378-608","NR",2,{"v":1291.213,"d":"€ 1,291.21"},{"v":2582.426,"d":"2,582.43"},{"$nulls":3},0,{"$nulls":3},0]
["SOFFIETTO PNEUMATICO","0000-392-836","NR",12,{"v":157.89617728500008,"d":"€ 157.90"},{"v":1894.754127420001,"d":"1,894.75"},{"$nulls":3},0,{"$nulls":3},0]
["Filtro     ","0000-399-862","NR",10,{"v":55.36750065000001,"d":"€ 55.37"},{"v":553.6750065000001,"d":"553.68"},{"$nulls":3},0,{"$nulls":3},0]
["ESSICCATORE KLIMA","0000-404-515","NR",4,{"v":98.93129400000001,"d":"€ 98.93"},{"v":395.72517600000003,"d":"395.73"},{"$nulls":3},0,{"$nulls":3},0]
["VETRO SPORTELLO POSTERIORE","0004-001-202","NR",2,{"v":440.06600000000003,"d":"€ 440.07"},{"v":880.1320000000001,"d":"880.13"},{"$nulls":3},0,{"$nulls":3},0]
["PARAURTI POSTERIORE","0004-001-518","NR",2,{"v":1067.3142456900005,"d":"€ 1,067.31"},{"v":2134.628491380001,"d":"2,134.63"},{"$nulls":3},0,{"$nulls":3},0]
["SPORTELLO LATERALE","0004-001-581","NR",2,{"v":3502.145561145001,"d":"€ 3,502.15"},{"v":7004.291122290002,"d":"7,004.29"},{"$nulls":3},0,{"$nulls":3},0]
["SPORTELLO COFANO ANTERIORE","0004-001-973","NR",2,{"v":91.79541640500004,"d":"€ 91.80"},{"v":183.59083281000008,"d":"183.59"},{"$nulls":3},0,{"$nulls":3},0]
["SPORTELLO ADBLUE","0004-002-077","NR",2,{"v":95.96989825500003,"d":"€ 95.97"},{"v":191.93979651000006,"d":"191.94"},{"$nulls":3},0,{"$nulls":3},0]
["CLACSON    ","0004-010-872","NR",10,{"v":13.689421515000005,"d":"€ 13.69"},{"v":136.89421515000004,"d":"136.89"},{"$nulls":3},0,{"$nulls":3},0]
["CLACSON    ","0004-010-873","NR",10,{"v":13.689421515000005,"d":"€ 13.69"},{"v":136.89421515000004,"d":"136.89"},{"$nulls":3},0,{"$nulls":3},0]
["ELETTROFRIZIONE KLIMA","0004-011-384","NR",2,{"v":2303.6530000000002,"d":"€ 2,303.65"},{"v":4607.3060000000005,"d":"4,607.31"},{"$nulls":3},0,{"$nulls":3},0]
["VETRO PORTA","0004-019-685","NR",2,{"v":870.2355180750002,"d":"€ 870.24"},{"v":1740.4710361500004,"d":"1,740.47"},{"$nulls":3},0,{"$nulls":3},0]
["VETRO PORTA","0004-019-689","NR",2,{"v":870.2355180750002,"d":"€ 870.24"},{"v":1740.4710361500004,"d":"1,740.47"},{"$nulls":3},0,{"$nulls":3},0]
["VETRO LATERALE","0004-019-918","NR",2,{"v":328.3445896500001,"d":"€ 328.34"},{"v":656.6891793000002,"d":"656.69"},{"$nulls":3},0,{"$nulls":3},0]
["VETRO LATERALE","0004-019-920","NR",2,{"v":414.38100000000003,"d":"€ 414.38"},{"v":828.7620000000001,"d":"828.76"},{"$nulls":3},0,{"$nulls":3},0]
["FINESTRINO CONDUCENT","0004-020-345","NR",2,{"v":2698.442646900001,"d":"€ 2,698.44"},{"v":5396.885293800002,"d":"5,396.89"},{"$nulls":3},0,{"$nulls":3},0]
["VETRO CARTELLO INDICATORE","0004-023-399","NR",2,{"v":427.33900000000006,"d":"€ 427.34"},{"v":854.6780000000001,"d":"854.68"},{"$nulls":3},0,{"$nulls":3},0]
["Radio      ","0004-026-541","NR",2,{"v":172.52125852500006,"d":"€ 172.52"},{"v":345.04251705000013,"d":"345.04"},{"$nulls":3},0,{"$nulls":3},0]
["Izol. rury wydech. S","0004-027-324","NR",10,{"v":401.0813371950001,"d":"€ 401.08"},{"v":4010.813371950001,"d":"4,010.81"},{"$nulls":3},0,{"$nulls":3},0]
["FILTRO KLIMA","0004-027-943","NR",24,{"v":10.940021400000001,"d":"€ 10.94"},{"v":262.56051360000004,"d":"262.56"},{"$nulls":3},0,{"$nulls":3},0]
["Filtro     ","0004-027-950","NR",10,{"v":6.255179700000002,"d":"€ 6.26"},{"v":62.55179700000002,"d":"62.55"},{"$nulls":3},0,{"$nulls":3},0]
["Multiplekser Mux2-B ","0004-047-381","NR",2,{"v":1422.2010000000002,"d":"€ 1,422.20"},{"v":2844.4020000000005,"d":"2,844.40"},{"$nulls":3},0,{"$nulls":3},0]
["VALVOLA DUE VIE     ","0004-053-877","NR",10,{"v":177.78974251500009,"d":"€ 177.79"},{"v":1777.8974251500008,"d":"1,777.90"},{"$nulls":3},0,{"$nulls":3},0]
["VALVOLA A TRE VIE   ","0004-053-878","NR",10,{"v":178.37992788000005,"d":"€ 178.38"},{"v":1783.7992788000006,"d":"1,783.80"},{"$nulls":3},0,{"$nulls":3},0]
["SPORTELLO LATERALE","0004-300-100","NR",2,{"v":864.8374812000002,"d":"€ 864.84"},{"v":1729.6749624000004,"d":"1,729.67"},{"$nulls":3},0,{"$nulls":3},0]
["SPORTELLO LATERALE","0004-300-310","NR",2,{"v":1564.4086654350006,"d":"€ 1,564.41"},{"v":3128.817330870001,"d":"3,128.82"},{"$nulls":3},0,{"$nulls":3},0]
["SPORTELLO LATERALE","0004-300-340","NR",2,{"v":1261.7587313100005,"d":"€ 1,261.76"},{"v":2523.517462620001,"d":"2,523.52"},{"$nulls":3},0,{"$nulls":3},0]
["VETRO LATERALE      ","0004-307-931","NR",8,{"v":693.297,"d":"€ 693.30"},{"v":5546.376,"d":"5,546.38"},{"$nulls":3},0,{"$nulls":3},0]
["PASSARUOTA","0004-312-397","NR",4,{"v":319.491809175,"d":"€ 319.49"},{"v":1277.9672367,"d":"1,277.97"},{"$nulls":3},0,{"$nulls":3},0]
["PASSARUOTA","0004-312-979","NR",4,{"v":319.491809175,"d":"€ 319.49"},{"v":1277.9672367,"d":"1,277.97"},{"$nulls":3},0,{"$nulls":3},0]
["PARAURTI ANTERIORE","0004-314-708","NR",2,{"v":164.63292730500007,"d":"€ 164.63"},{"v":329.26585461000013,"d":"329.27"},{"$nulls":3},0,{"$nulls":3},0]
["COFANO ANTERIORE","0004-314-848","NR",2,{"v":1117.8830551350004,"d":"€ 1,117.88"},{"v":2235.766110270001,"d":"2,235.77"},{"$nulls":3},0,{"$nulls":3},0]
["PANNELLO LATERALE","0004-315-036","NR",2,{"v":344.62506886500006,"d":"€ 344.63"},{"v":689.2501377300001,"d":"689.25"},{"$nulls":3},0,{"$nulls":3},0]
["SOGLIA LATERALE","0004-315-320","NR",2,{"v":179.05648183500006,"d":"€ 179.06"},{"v":358.1129636700001,"d":"358.11"},{"$nulls":3},0,{"$nulls":3},0]
["SOGLIA LATERALE","0004-315-364","NR",2,{"v":244.7110050000001,"d":"€ 244.71"},{"v":489.4220100000002,"d":"489.42"},{"$nulls":3},0,{"$nulls":3},0]
["SOGLIA LATERALE","0004-315-366","NR",2,{"v":222.26956636500006,"d":"€ 222.27"},{"v":444.5391327300001,"d":"444.54"},{"$nulls":3},0,{"$nulls":3},0]
["SOGLIA LATERALE","0004-316-509","NR",2,{"v":91.79541640500004,"d":"€ 91.80"},{"v":183.59083281000008,"d":"183.59"},{"$nulls":3},0,{"$nulls":3},0]
["PANNELLO LATERALE","0004-316-680","NR",2,{"v":308.11000000000007,"d":"€ 308.11"},{"$f":"SUM(E132*D132)","v":{"v":616.2200000000001,"d":"616.22"}},{"$nulls":3},0,{"$nulls":3},0]
["PARAURTI ANTERIORE","0004-316-762","NR",2,{"v":195.68243541000007,"d":"€ 195.68"},{"v":391.36487082000014,"d":"391.36"},{"$nulls":3},{"$f":"I133*D133","v":0},{"$nulls":3},{"$f":"M133*D133","v":0}]
["PARAURTI ANTERIORE","0004-316-764","NR",2,{"v":195.68243541000007,"d":"€ 195.68"},{"v":391.36487082000014,"d":"391.36"},{"$nulls":3},0,{"$nulls":3},0]
["ELEMENTO PARAURTI","0004-316-765","NR",2,{"v":69.49792542000003,"d":"€ 69.50"},{"v":138.99585084000006,"d":"139.00"},{"$nulls":3},0,{"$nulls":3},0]
["ELEMENTO PARAURTI","0004-316-766","NR",2,{"v":69.49792542000003,"d":"€ 69.50"},{"v":138.99585084000006,"d":"139.00"},{"$nulls":3},0,{"$nulls":3},0]
["SOGLIA LATERALE","0004-316-856","NR",2,{"v":381.9938788050001,"d":"€ 381.99"},{"v":763.9877576100002,"d":"763.99"},{"$nulls":3},0,{"$nulls":3},0]
["SOGLIA LATERALE","0004-316-899","NR",2,{"v":244.7110050000001,"d":"€ 244.71"},{"v":489.4220100000002,"d":"489.42"},{"$nulls":3},0,{"$nulls":3},0]
["SOGLIA LATERALE","0004-316-926","NR",2,{"v":309.05560455000006,"d":"€ 309.06"},{"v":618.1112091000001,"d":"618.11"},{"$nulls":3},0,{"$nulls":3},0]
["ELEMENTO PARAURTI","0004-317-061","NR",2,{"v":96.68963650500005,"d":"€ 96.69"},{"v":193.3792730100001,"d":"193.38"},{"$nulls":3},0,{"$nulls":3},0]
["ELEMENTO PARAURTI","0004-317-174","NR",2,{"v":70.18887414000002,"d":"€ 70.19"},{"v":140.37774828000005,"d":"140.38"},{"$nulls":3},0,{"$nulls":3},0]
["SPORTELLO CARBURANTE","0004-319-175","NR",2,{"v":560.2154642700003,"d":"€ 560.22"},{"v":1120.4309285400007,"d":"1,120.43"},{"$nulls":3},0,{"$nulls":3},0]
["LUNOTTO POSTERIORE","0004-319-739","NR",2,{"v":461.7840612000001,"d":"€ 461.78"},{"v":923.5681224000002,"d":"923.57"},{"$nulls":3},0,{"$nulls":3},0]
["VETRO LATERALE","0004-327-331","NR",2,{"v":324.4148188050001,"d":"€ 324.41"},{"v":648.8296376100002,"d":"648.83"},{"$nulls":3},0,{"$nulls":3},0]
["VETRO LATERALE","0004-327-339","NR",2,{"v":324.4148188050001,"d":"€ 324.41"},{"v":648.8296376100002,"d":"648.83"},{"$nulls":3},0,{"$nulls":3},0]
["VETRO LATERALE","0004-327-595","NR",2,{"v":324.4148188050001,"d":"€ 324.41"},{"v":648.8296376100002,"d":"648.83"},{"$nulls":3},0,{"$nulls":3},0]
["VETRO LATERALE","0004-327-598","NR",2,{"v":559.845,"d":"€ 559.85"},{"v":1119.69,"d":"1,119.69"},{"$nulls":3},0,{"$nulls":3},0]
["VETRO LATERALE","0004-329-871","NR",2,{"v":324.4148188050001,"d":"€ 324.41"},{"v":648.8296376100002,"d":"648.83"},{"$nulls":3},0,{"$nulls":3},0]
["VETRO LATERALE","0004-329-879","NR",2,{"v":324.41200000000003,"d":"€ 324.41"},{"v":648.8240000000001,"d":"648.82"},{"$nulls":3},0,{"$nulls":3},0]
["VETRO LATERALE","0004-331-985","NR",2,{"v":437.19780258000014,"d":"€ 437.20"},{"v":874.3956051600003,"d":"874.40"},{"$nulls":3},0,{"$nulls":3},0]
["VETRO LATERALE","0004-332-004","NR",2,{"v":437.19780258000014,"d":"€ 437.20"},{"v":874.3956051600003,"d":"874.40"},{"$nulls":3},0,{"$nulls":3},0]
["PANNELLO LATERALE","0004-336-036","NR",2,{"v":263.571,"d":"€ 263.57"},{"v":527.142,"d":"527.14"},{"$nulls":3},0,{"$nulls":3},0]
["PANNELLO LATERALE","0004-336-043","NR",2,{"v":493.845,"d":"€ 493.85"},987.69,{"$nulls":3},0,{"$nulls":3},0]
["VETRO LATERALE","0004-336-127","NR",2,{"v":324.4148188050001,"d":"€ 324.41"},{"v":648.8296376100002,"d":"648.83"},{"$nulls":3},0,{"$nulls":3},0]
["VETRO LATERALE","0004-336-168","NR",2,{"v":324.4148188050001,"d":"€ 324.41"},{"v":648.8296376100002,"d":"648.83"},{"$nulls":3},0,{"$nulls":3},0]
["VETRO LATERALE","0004-336-179","NR",2,{"v":348.04,"d":"€ 348.04"},696.08,{"$nulls":3},0,{"$nulls":3},0]
["VETRO LATERALE","0004-336-188","NR",2,{"v":324.41200000000003,"d":"€ 324.41"},{"v":648.8240000000001,"d":"648.82"},{"$nulls":3},0,{"$nulls":3},0]
["VETRO LATERALE","0004-336-703","NR",2,{"v":481.745,"d":"€ 481.75"},963.49,{"$nulls":3},0,{"$nulls":3},0]
["PANNELLO LATERALE","0004-336-902","NR",2,{"v":656.59,"d":"€ 656.59"},{"v":1313.18,"d":"1,313.18"},{"$nulls":3},0,{"$nulls":3},0]
["SOGLIA LATERALE","0004-336-942","NR",2,{"v":40.282000000000004,"d":"€ 40.28"},{"v":80.56400000000001,"d":"80.56"},{"$nulls":3},0,{"$nulls":3},0]
["VETRO LATERALE","0004-341-460","NR",2,{"v":349.30500000000006,"d":"€ 349.31"},{"v":698.6100000000001,"d":"698.61"},{"$nulls":3},0,{"$nulls":3},0]
["Supporto alternatore","0016-000-957","NR",2,{"v":143.63358240000005,"d":"€ 143.63"},{"v":287.2671648000001,"d":"287.27"},{"$nulls":3},0,{"$nulls":3},0]
["Supporto   ","0016-001-582","NR",8,{"v":4.563140505000001,"d":"€ 4.56"},{"v":36.505124040000005,"d":"36.51"},{"$nulls":3},0,{"$nulls":3},0]
["Serratura  ","0016-001-634","NR",2,{"v":117.96509917500005,"d":"€ 117.97"},{"v":235.9301983500001,"d":"235.93"},{"$nulls":3},0,{"$nulls":3},0]
["Paraurti anteriore  ","0016-001-636","NR",2,{"v":556.1273510100001,"d":"€ 556.13"},{"v":1112.2547020200002,"d":"1,112.25"},{"$nulls":3},0,{"$nulls":3},0]
["PARAURTI ANTERIORE  ","0016-001-639","NR",2,{"v":567.3696624750002,"d":"€ 567.37"},{"v":1134.7393249500003,"d":"1,134.74"},{"$nulls":3},0,{"$nulls":3},0]
["cofano anteriore","0016-001-651","NR",2,{"v":1336.9569836700002,"d":"€ 1,336.96"},{"v":2673.9139673400005,"d":"2,673.91"},{"$nulls":3},0,{"$nulls":3},0]
["PARAURTI ANTERIORE  ","0016-001-656","NR",2,{"v":567.3696624750002,"d":"€ 567.37"},{"v":1134.7393249500003,"d":"1,134.74"},{"$nulls":3},0,{"$nulls":3},0]
["Cornice    ","0016-001-661","NR",2,{"v":159.75310197000005,"d":"€ 159.75"},{"v":319.5062039400001,"d":"319.51"},{"$nulls":3},0,{"$nulls":3},0]
["Serbatoio liquido sp","0016-001-707","NR",2,{"v":576.6310000000001,"d":"€ 576.63"},{"v":1153.2620000000002,"d":"1,153.26"},{"$nulls":3},0,{"$nulls":3},0]
["Guarnizione, collett","0101-990-239","NR",10,{"v":20.915593545000007,"d":"€ 20.92"},{"v":209.15593545000007,"d":"209.16"},{"$nulls":3},0,{"$nulls":3},0]
["Guarnizione","0101-990-240","NR",10,{"v":6.320610450000002,"d":"€ 6.32"},{"v":63.20610450000002,"d":"63.21"},{"$nulls":3},0,{"$nulls":3},0]
["Fusibile   ","0101-990-248","NR",20,{"v":6.045801300000003,"d":"€ 6.05"},{"v":120.91602600000004,"d":"120.92"},{"$nulls":3},0,{"$nulls":3},0]
["TUBO DELL ASTA DI LI","0101-990-369","NR",2,{"v":851.7526398150002,"d":"€ 851.75"},{"v":1703.5052796300004,"d":"1,703.51"},{"$nulls":3},0,{"$nulls":3},0]
["ANELLO","0101-990-370","NR",2,{"v":28.553979300000005,"d":"€ 28.55"},{"v":57.10795860000001,"d":"57.11"},{"$nulls":3},0,{"$nulls":3},0]
["Coperchio  ","0101-990-374","NR",4,{"v":294.32059965,"d":"€ 294.32"},{"v":1177.2823986,"d":"1,177.28"},{"$nulls":3},0,{"$nulls":3},0]
["Guarnizione","0101-990-380","NR",12,{"v":6.1243182,"d":"€ 6.12"},{"v":73.4918184,"d":"73.49"},{"$nulls":3},0,{"$nulls":3},0]
["Tubo dell olio, lato","0101-990-396","NR",4,{"v":285.1602946500001,"d":"€ 285.16"},{"v":1140.6411786000003,"d":"1,140.64"},{"$nulls":3},0,{"$nulls":3},0]
["Tappo      ","0101-990-399","NR",8,{"v":10.547436900000005,"d":"€ 10.55"},{"v":84.37949520000004,"d":"84.38"},{"$nulls":3},0,{"$nulls":3},0]
["Tubo flessibile     ","0101-990-400","NR",4,{"v":293.29987995000005,"d":"€ 293.30"},{"v":1173.1995198000002,"d":"1,173.20"},{"$nulls":3},0,{"$nulls":3},0]
["Guarnizione, pompa d","0101-990-401","NR",4,{"v":25.884404700000008,"d":"€ 25.88"},{"v":103.53761880000003,"d":"103.54"},{"$nulls":3},0,{"$nulls":3},0]
["Tubo del liquido di ","0101-990-403","NR",2,{"v":321.1079487,"d":"€ 321.11"},{"v":642.2158974,"d":"642.22"},{"$nulls":3},0,{"$nulls":3},0]
["ANELLO","0101-990-405","NR",4,{"v":36.15703245,"d":"€ 36.16"},{"v":144.6281298,"d":"144.63"},{"$nulls":3},0,{"$nulls":3},0]
["FASCETTA   ","0105-115-527","NR",10,{"v":94.71755370000001,"d":"€ 94.72"},{"v":947.1755370000001,"d":"947.18"},{"$nulls":3},0,{"$nulls":3},0]
["Guarnizione di gomma","0105-115-550","NR",4,{"v":27.219192000000003,"d":"€ 27.22"},{"v":108.87676800000001,"d":"108.88"},{"$nulls":3},0,{"$nulls":3},0]
["CINGHIA - 2 PER CONF","0107-767-098","NR",40,{"v":22.167938100000008,"d":"€ 22.17"},{"v":886.7175240000004,"d":"886.72"},{"$nulls":3},0,{"$nulls":3},0]
["CINGHIA","0107-767-211","NR",40,{"v":33.396,"d":"€ 33.40"},{"v":1335.8400000000001,"d":"1,335.84"},{"$nulls":3},0,{"$nulls":3},0]
["ANELLO","0110-380-210","NR",20,{"v":1.1908396500000002,"d":"€ 1.19"},{"v":23.816793000000004,"d":"23.82"},{"$nulls":3},0,{"$nulls":3},0]
["Guarnizione di gomma","0110-380-217","NR",4,{"v":18.94874520000001,"d":"€ 18.95"},{"v":75.79498080000003,"d":"75.79"},{"$nulls":3},0,{"$nulls":3},0]
["Filtro     ","0112-142-463","NR",40,{"v":35.266000000000005,"d":"€ 35.27"},{"v":1410.6400000000003,"d":"1,410.64"},{"$nulls":3},0,{"$nulls":3},0]
["SENSORE DI PRESSIONE","0114-101-000","NR",6,{"v":66.099,"d":"€ 66.10"},{"v":396.59400000000005,"d":"396.59"},{"$nulls":3},0,{"$nulls":3},0]
["Testata    ","0120-301-018","NR",2,{"v":1251.7556782500003,"d":"€ 1,251.76"},{"v":2503.5113565000006,"d":"2,503.51"},{"$nulls":3},0,{"$nulls":3},0]
["Asta livello olio   ","0120-301-943","NR",2,{"v":179.71209795000007,"d":"€ 179.71"},{"v":359.42419590000014,"d":"359.42"},{"$nulls":3},0,{"$nulls":3},0]
["Asta livello olio   ","0120-301-945","NR",2,{"v":155.13630825,"d":"€ 155.14"},{"v":310.2726165,"d":"310.27"},{"$nulls":3},0,{"$nulls":3},0]
["Filtro     ","0120-302-481","NR",10,{"v":97.88440200000001,"d":"€ 97.88"},{"v":978.8440200000001,"d":"978.84"},{"$nulls":3},0,{"$nulls":3},0]
["Filtro     ","0120-302-571","NR",10,{"v":66.21591900000001,"d":"€ 66.22"},{"$f":"SUM(E196*D196)","v":{"v":662.1591900000001,"d":"662.16"}},{"$nulls":3},0,{"$nulls":3},0]
["Filtro     ","0120-302-573","NR",10,{"v":83.48963700000002,"d":"€ 83.49"},{"v":834.8963700000002,"d":"834.90"},{"$nulls":3},{"$f":"I197*D197","v":0},{"$nulls":3},{"$f":"M197*D197","v":0}]
["Filtro     ","0120-302-811","NR",10,{"v":94.05016005000004,"d":"€ 94.05"},{"v":940.5016005000004,"d":"940.50"},{"$nulls":3},0,{"$nulls":3},0]
["Avviatore  ","0120-302-975","NR",2,{"v":1382.2245937500004,"d":"€ 1,382.22"},{"v":2764.449187500001,"d":"2,764.45"},{"$nulls":3},0,{"$nulls":3},0]
["CINGHIA TRAPEZOIDALE","0120-303-436","NR",10,{"v":186.26300000000003,"d":"€ 186.26"},{"v":1862.6300000000003,"d":"1,862.63"},{"$nulls":3},0,{"$nulls":3},0]
["Filtro     ","0120-310-085","NR",40,{"v":29.656000000000002,"d":"€ 29.66"},{"v":1186.24,"d":"1,186.24"},{"$nulls":3},0,{"$nulls":3},0]
["TAPPO CONTENITORE AD","0120-322-518","NR",4,{"v":30.185822205000008,"d":"€ 30.19"},{"v":120.74328882000003,"d":"120.74"},{"$nulls":3},0,{"$nulls":3},0]
["Guarnizione","0120-322-595","NR",4,{"v":3.685059840000001,"d":"€ 3.69"},{"v":14.740239360000004,"d":"14.74"},{"$nulls":3},0,{"$nulls":3},0]
["Tubo di riempimento ","0120-322-960","NR",4,{"v":281.1585499800001,"d":"€ 281.16"},{"v":1124.6341999200004,"d":"1,124.63"},{"$nulls":3},0,{"$nulls":3},0]
["Tappo del serbatoio ","0120-432-307","NR",12,{"v":40.262157705000014,"d":"€ 40.26"},{"v":483.14589246000014,"d":"483.15"},{"$nulls":3},0,{"$nulls":3},0]
["Vibroisolatore in me","0120-432-598","NR",20,{"v":33.30948621000002,"d":"€ 33.31"},{"v":666.1897242000003,"d":"666.19"},{"$nulls":3},0,{"$nulls":3},0]
["Vibroisolatore in me","0120-432-599","NR",20,{"v":10.177098855000004,"d":"€ 10.18"},{"v":203.54197710000008,"d":"203.54"},{"$nulls":3},0,{"$nulls":3},0]
["supporto motore","0121-306-002","NR",8,{"v":866.9540000000001,"d":"€ 866.95"},{"v":6935.6320000000005,"d":"6,935.63"},{"$nulls":3},0,{"$nulls":3},0]
["Filtro     ","0131-506-023","NR",40,{"v":36.08,"d":"€ 36.08"},{"v":1443.1999999999998,"d":"1,443.20"},{"$nulls":3},0,{"$nulls":3},0]
["Coperchio  ","0131-506-035","NR",4,{"v":34.83533130000001,"d":"€ 34.84"},{"v":139.34132520000003,"d":"139.34"},{"$nulls":3},0,{"$nulls":3},0]
["Filtro     ","0131-506-050","NR",40,{"v":46.926,"d":"€ 46.93"},{"v":1877.04,"d":"1,877.04"},{"$nulls":3},0,{"$nulls":3},0]
["SEPARATORE DI OLIO  ","0132-434-001","NR",2,{"v":271.66847400000006,"d":"€ 271.67"},{"v":543.3369480000001,"d":"543.34"},{"$nulls":3},0,{"$nulls":3},0]
["TUBO CARBURANTE     ","0199-000-105","NR",4,{"v":64.09700000000001,"d":"€ 64.10"},{"v":256.38800000000003,"d":"256.39"},{"$nulls":3},0,{"$nulls":3},0]
["TUBO CARBURANTE     ","0199-000-106","NR",4,{"v":66.715,"d":"€ 66.72"},266.86,{"$nulls":3},0,{"$nulls":3},0]
["TUBO CARBURANTE     ","0199-000-107","NR",4,{"v":32.494,"d":"€ 32.49"},{"v":129.976,"d":"129.98"},{"$nulls":3},0,{"$nulls":3},0]
["TUBO CARBURANTE     ","0199-000-108","NR",4,{"v":66.715,"d":"€ 66.72"},266.86,{"$nulls":3},0,{"$nulls":3},0]
["TUBO CARBURANTE     ","0199-000-185","NR",4,{"v":63.668000000000006,"d":"€ 63.67"},{"v":254.67200000000003,"d":"254.67"},{"$nulls":3},0,{"$nulls":3},0]
["Filtro     ","0203-104-052","NR",40,{"v":107.96500000000002,"d":"€ 107.97"},{"v":4318.6,"d":"4,318.60"},{"$nulls":3},0,{"$nulls":3},0]
["Supporto   ","0299-000-437","NR",8,{"v":34.80654177000002,"d":"€ 34.81"},{"v":278.45233416000013,"d":"278.45"},{"$nulls":3},0,{"$nulls":3},0]
["Filtro     ","0299-000-520","NR",40,{"v":64.77900000000001,"d":"€ 64.78"},{"v":2591.1600000000003,"d":"2,591.16"},{"$nulls":3},0,{"$nulls":3},0]
["Supporto   ","0299-000-536","NR",6,{"v":20.023118115000006,"d":"€ 20.02"},{"v":120.13870869000004,"d":"120.14"},{"$nulls":3},0,{"$nulls":3},0]
["Tubo del sistema di ","0299-000-569","NR",4,{"v":1143.6784740150003,"d":"€ 1,143.68"},{"v":4574.713896060001,"d":"4,574.71"},{"$nulls":3},0,{"$nulls":3},0]
["TUBO SCARICO","0299-001-083","NR",2,{"v":826.155,"d":"€ 826.16"},{"v":1652.31,"d":"1,652.31"},{"$nulls":3},0,{"$nulls":3},0]
["CENTRALINA ADBLUE","0299-001-130","NR",2,{"v":2006.9940000000001,"d":"€ 2,006.99"},{"v":4013.9880000000003,"d":"4,013.99"},{"$nulls":3},0,{"$nulls":3},0]
["SENSORE NOX","0299-001-148","NR",2,{"v":569.25,"d":"€ 569.25"},{"v":1138.5,"d":"1,138.50"},{"$nulls":3},0,{"$nulls":3},0]
["SENSORE NOX","0299-001-495","NR",2,{"v":1160.2140000000002,"d":"€ 1,160.21"},{"v":2320.4280000000003,"d":"2,320.43"},{"$nulls":3},0,{"$nulls":3},0]
["SENSORE LIVELLO     ","0303-175-305","NR",2,{"v":104.79388920000002,"d":"€ 104.79"},{"v":209.58777840000005,"d":"209.59"},{"$nulls":3},0,{"$nulls":3},0]
["Filtro     ","0303-380-030","NR",4,{"v":17.941111650000003,"d":"€ 17.94"},{"v":71.76444660000001,"d":"71.76"},{"$nulls":3},0,{"$nulls":3},0]
["Filtro     ","0303-380-036","NR",40,{"v":74.85277800000001,"d":"€ 74.85"},{"v":2994.1111200000005,"d":"2,994.11"},{"$nulls":3},0,{"$nulls":3},0]
["TUBO DI COLLEGAMENTO","0303-380-050","NR",4,{"v":3.9258450000000007,"d":"€ 3.93"},{"v":15.703380000000003,"d":"15.70"},{"$nulls":3},0,{"$nulls":3},0]
["Tubo di mandata     ","0499-000-091","NR",2,{"v":112.75026840000004,"d":"€ 112.75"},{"v":225.50053680000008,"d":"225.50"},{"$nulls":3},0,{"$nulls":3},0]
["Filtro     ","0499-000-469","NR",10,{"v":128.83314675000005,"d":"€ 128.83"},{"v":1288.3314675000006,"d":"1,288.33"},{"$nulls":3},0,{"$nulls":3},0]
["Interruttore 123DNR ","0520-130-162","NR",4,{"v":342.8257232400001,"d":"€ 342.83"},{"v":1371.3028929600005,"d":"1,371.30"},{"$nulls":3},0,{"$nulls":3},0]
["Filtro     ","0520-130-166","NR",40,{"v":105.13412910000004,"d":"€ 105.13"},{"v":4205.365164000002,"d":"4,205.37"},{"$nulls":3},0,{"$nulls":3},0]
["O-RING FILTRO","0520-130-168","NR",40,{"v":12.265,"d":"€ 12.27"},{"v":490.6,"d":"490.60"},{"$nulls":3},0,{"$nulls":3},0]
["Distributore        ","0520-900-038","NR",2,{"v":384.4710870000001,"d":"€ 384.47"},{"v":768.9421740000003,"d":"768.94"},{"$nulls":3},0,{"$nulls":3},0]
["Impianto lubrificazi","0528-402-502","NR",2,{"v":1518.4775875500004,"d":"€ 1,518.48"},{"v":3036.955175100001,"d":"3,036.96"},{"$nulls":3},0,{"$nulls":3},0]
["ELEMENTO DI TENUTA  ","0707-000-012","NR",12,{"v":21.592147500000003,"d":"€ 21.59"},{"v":259.10577,"d":"259.11"},{"$nulls":3},0,{"$nulls":3},0]
["CUSCINETTO ","0707-000-033","NR",4,{"v":567.9389100000002,"d":"€ 567.94"},{"v":2271.7556400000008,"d":"2,271.76"},{"$nulls":3},0,{"$nulls":3},0]
["ANELLO","0707-000-034","NR",12,{"v":26.303161500000005,"d":"€ 26.30"},{"v":315.6379380000001,"d":"315.64"},{"$nulls":3},0,{"$nulls":3},0]
["DISCO FRENO","0707-000-036","NR",8,{"v":266.3031525000001,"d":"€ 266.30"},{"v":2130.425220000001,"d":"2,130.43"},{"$nulls":3},0,{"$nulls":3},0]
["PINZA FRENO","0720-382-246","NR",2,{"v":1298.385,"d":"€ 1,298.39"},{"v":2596.77,"d":"2,596.77"},{"$nulls":3},0,{"$nulls":3},0]
["PINZA FRENO","0720-382-247","NR",2,{"v":1439.4765000000002,"d":"€ 1,439.48"},{"v":2878.9530000000004,"d":"2,878.95"},{"$nulls":3},0,{"$nulls":3},0]
["CILINDRO FRENO      ","0721-399-091","NR",2,{"v":1007.6335500000006,"d":"€ 1,007.63"},{"v":2015.2671000000012,"d":"2,015.27"},{"$nulls":3},0,{"$nulls":3},0]
["Tirante    ","0801-006-672","NR",8,{"v":837.1707428700003,"d":"€ 837.17"},{"v":6697.365942960002,"d":"6,697.37"},{"$nulls":3},0,{"$nulls":3},0]
["SNODO SFERICO       ","0801-211-834","NR",10,{"v":118.88767275000002,"d":"€ 118.89"},{"v":1188.8767275000002,"d":"1,188.88"},{"$nulls":3},0,{"$nulls":3},0]
["SNODO SFERICO       ","0801-211-835","NR",10,{"v":118.88767275000002,"d":"€ 118.89"},{"v":1188.8767275000002,"d":"1,188.88"},{"$nulls":3},0,{"$nulls":3},0]
["Rosetta distanziale ","0820-352-052","NR",4,{"v":7.184296350000002,"d":"€ 7.18"},{"v":28.73718540000001,"d":"28.74"},{"$nulls":3},0,{"$nulls":3},0]
["Rosetta distanziale ","0820-352-053","NR",4,{"v":11.450381250000001,"d":"€ 11.45"},{"v":45.801525000000005,"d":"45.80"},{"$nulls":3},0,{"$nulls":3},0]
["Rosetta distanziale ","0820-352-054","NR",4,{"v":7.184296350000002,"d":"€ 7.18"},{"v":28.73718540000001,"d":"28.74"},{"$nulls":3},0,{"$nulls":3},0]
["Rosetta distanziale ","0820-352-055","NR",4,{"v":7.184296350000002,"d":"€ 7.18"},{"v":28.73718540000001,"d":"28.74"},{"$nulls":3},0,{"$nulls":3},0]
["Rondella di registro","0820-352-056","NR",4,{"v":11.03162445,"d":"€ 11.03"},{"v":44.1264978,"d":"44.13"},{"$nulls":3},0,{"$nulls":3},0]
["Rondella di registro","0820-352-057","NR",4,{"v":8.505997500000001,"d":"€ 8.51"},{"v":34.023990000000005,"d":"34.02"},{"$nulls":3},0,{"$nulls":3},0]
["Rosetta distanziale ","0820-352-061","NR",4,{"v":7.145037900000002,"d":"€ 7.15"},{"v":28.580151600000008,"d":"28.58"},{"$nulls":3},0,{"$nulls":3},0]
["Rondella di registro","0820-352-062","NR",4,{"v":8.833151250000004,"d":"€ 8.83"},{"v":35.332605000000015,"d":"35.33"},{"$nulls":3},0,{"$nulls":3},0]
["Rondella di registro","0820-352-064","NR",4,{"v":8.505997500000001,"d":"€ 8.51"},{"v":34.023990000000005,"d":"34.02"},{"$nulls":3},0,{"$nulls":3},0]
["Rosetta distanziale ","0820-352-065","NR",4,{"v":7.576880850000001,"d":"€ 7.58"},{"v":30.307523400000004,"d":"30.31"},{"$nulls":3},0,{"$nulls":3},0]
["Rosetta distanziale ","0820-352-066","NR",4,{"v":8.885495850000002,"d":"€ 8.89"},{"v":35.54198340000001,"d":"35.54"},{"$nulls":3},0,{"$nulls":3},0]
["Rosetta distanziale ","0820-352-067","NR",4,{"v":7.184296350000002,"d":"€ 7.18"},{"v":28.73718540000001,"d":"28.74"},{"$nulls":3},0,{"$nulls":3},0]
["Rosetta distanziale ","0820-352-068","NR",2,{"v":7.184296350000002,"d":"€ 7.18"},{"$f":"SUM(E260*D260)","v":{"v":14.368592700000004,"d":"14.37"}},{"$nulls":3},0,{"$nulls":3},0]
["Rosetta distanziale ","0820-352-069","NR",4,{"v":7.184296350000002,"d":"€ 7.18"},{"v":28.73718540000001,"d":"28.74"},{"$nulls":3},{"$f":"I261*D261","v":0},{"$nulls":3},{"$f":"M261*D261","v":0}]
["Rosetta distanziale ","0820-352-070","NR",4,{"v":7.158124050000001,"d":"€ 7.16"},{"v":28.632496200000006,"d":"28.63"},{"$nulls":3},0,{"$nulls":3},0]
["ROSETTA DISTANZIALE ","0820-352-071","NR",4,{"v":7.184296350000002,"d":"€ 7.18"},{"v":28.73718540000001,"d":"28.74"},{"$nulls":3},0,{"$nulls":3},0]
["Rosetta distanziale ","0820-352-072","NR",4,{"v":7.184296350000002,"d":"€ 7.18"},{"v":28.73718540000001,"d":"28.74"},{"$nulls":3},0,{"$nulls":3},0]
["Rosetta distanziale ","0820-352-073","NR",4,{"v":7.184296350000002,"d":"€ 7.18"},{"v":28.73718540000001,"d":"28.74"},{"$nulls":3},0,{"$nulls":3},0]
["Rosetta distanziale ","0820-352-074","NR",4,{"v":7.184296350000002,"d":"€ 7.18"},{"v":28.73718540000001,"d":"28.74"},{"$nulls":3},0,{"$nulls":3},0]
["Rosetta distanziale ","0820-352-075","NR",4,{"v":7.184296350000002,"d":"€ 7.18"},{"v":28.73718540000001,"d":"28.74"},{"$nulls":3},0,{"$nulls":3},0]
["Rondella di registro","0820-352-077","NR",4,{"v":17.718647100000002,"d":"€ 17.72"},{"v":70.87458840000001,"d":"70.87"},{"$nulls":3},0,{"$nulls":3},0]
["Rondella di registro","0820-352-080","NR",4,{"v":8.139585300000002,"d":"€ 8.14"},{"v":32.55834120000001,"d":"32.56"},{"$nulls":3},0,{"$nulls":3},0]
["Rondella di registro","0820-352-081","NR",4,{"v":9.579061800000002,"d":"€ 9.58"},{"v":38.31624720000001,"d":"38.32"},{"$nulls":3},0,{"$nulls":3},0]
["Rondella di registro","0820-352-082","NR",4,{"v":9.579061800000002,"d":"€ 9.58"},{"v":38.31624720000001,"d":"38.32"},{"$nulls":3},0,{"$nulls":3},0]
["Rondella di registro","0820-352-083","NR",4,{"v":38.29007490000002,"d":"€ 38.29"},{"v":153.1602996000001,"d":"153.16"},{"$nulls":3},0,{"$nulls":3},0]
["Rondella di registro","0820-352-085","NR",4,{"v":9.579061800000002,"d":"€ 9.58"},{"v":38.31624720000001,"d":"38.32"},{"$nulls":3},0,{"$nulls":3},0]
["Rondella di registro","0820-352-086","NR",4,{"v":9.579061800000002,"d":"€ 9.58"},{"v":38.31624720000001,"d":"38.32"},{"$nulls":3},0,{"$nulls":3},0]
["Rondella di registro","0820-352-088","NR",4,{"v":9.579061800000002,"d":"€ 9.58"},{"v":38.31624720000001,"d":"38.32"},{"$nulls":3},0,{"$nulls":3},0]
["Rondella di registro","0820-352-089","NR",4,{"v":9.579061800000002,"d":"€ 9.58"},{"v":38.31624720000001,"d":"38.32"},{"$nulls":3},0,{"$nulls":3},0]
["Rondella di registro","0820-352-090","NR",4,{"v":37.2170106,"d":"€ 37.22"},{"v":148.8680424,"d":"148.87"},{"$nulls":3},0,{"$nulls":3},0]
["Rondella di registro","0820-352-092","NR",4,{"v":8.139585300000002,"d":"€ 8.14"},{"v":32.55834120000001,"d":"32.56"},{"$nulls":3},0,{"$nulls":3},0]
["Rondella di registro","0820-352-093","NR",4,{"v":9.579061800000002,"d":"€ 9.58"},{"v":38.31624720000001,"d":"38.32"},{"$nulls":3},0,{"$nulls":3},0]
["Rondella di registro","0820-352-094","NR",4,{"v":9.579061800000002,"d":"€ 9.58"},{"v":38.31624720000001,"d":"38.32"},{"$nulls":3},0,{"$nulls":3},0]
["Rondella di registro","0820-352-095","NR",4,{"v":9.579061800000002,"d":"€ 9.58"},{"v":38.31624720000001,"d":"38.32"},{"$nulls":3},0,{"$nulls":3},0]
["Rondella di registro","0820-352-096","NR",4,{"v":9.579061800000002,"d":"€ 9.58"},{"v":38.31624720000001,"d":"38.32"},{"$nulls":3},0,{"$nulls":3},0]
["ANELLO","0820-352-153","NR",8,{"v":65.47000845000002,"d":"€ 65.47"},{"v":523.7600676000002,"d":"523.76"},{"$nulls":3},0,{"$nulls":3},0]
["Cuscinetto ","0820-352-154","NR",8,{"v":25.93674930000001,"d":"€ 25.94"},{"v":207.49399440000008,"d":"207.49"},{"$nulls":3},0,{"$nulls":3},0]
["Rosetta distanziale ","0820-352-162","NR",4,{"v":7.184296350000002,"d":"€ 7.18"},{"v":28.73718540000001,"d":"28.74"},{"$nulls":3},0,{"$nulls":3},0]
["Rosetta distanziale ","0820-352-163","NR",4,{"v":7.184296350000002,"d":"€ 7.18"},{"v":28.73718540000001,"d":"28.74"},{"$nulls":3},0,{"$nulls":3},0]
["Rosetta distanziale ","0820-352-166","NR",4,{"v":7.262813250000002,"d":"€ 7.26"},{"v":29.05125300000001,"d":"29.05"},{"$nulls":3},0,{"$nulls":3},0]
["ANELLO","0820-352-179","NR",8,{"v":8.178843750000002,"d":"€ 8.18"},{"v":65.43075000000002,"d":"65.43"},{"$nulls":3},0,{"$nulls":3},0]
["BULLONE FISSAGGIO CE","0820-352-239","NR",40,{"v":13.648854450000004,"d":"€ 13.65"},{"v":545.9541780000002,"d":"545.95"},{"$nulls":3},0,{"$nulls":3},0]
["LAMIERA    ","0820-352-241","NR",4,{"v":9.8146125,"d":"€ 9.81"},{"v":39.25845,"d":"39.26"},{"$nulls":3},0,{"$nulls":3},0]
["ANELLO","0820-352-245","NR",4,{"v":70.33805625000002,"d":"€ 70.34"},{"v":281.3522250000001,"d":"281.35"},{"$nulls":3},0,{"$nulls":3},0]
["Guarnizione","0820-352-246","NR",4,{"v":52.671753750000015,"d":"€ 52.67"},{"v":210.68701500000006,"d":"210.69"},{"$nulls":3},0,{"$nulls":3},0]
["Pastiglie del freno ","0821-351-000","NR",40,{"v":230.31624000000005,"d":"€ 230.32"},{"v":9212.649600000002,"d":"9,212.65"},{"$nulls":3},0,{"$nulls":3},0]
["Rondella di registro","0870-007-941","NR",4,{"v":25.845146250000006,"d":"€ 25.85"},{"v":103.38058500000002,"d":"103.38"},{"$nulls":3},0,{"$nulls":3},0]
["SPESSORE FUSELLO    ","0870-027-000","NR",4,{"v":8.139585300000002,"d":"€ 8.14"},{"v":32.55834120000001,"d":"32.56"},{"$nulls":3},0,{"$nulls":3},0]
["SPESSORE   ","0870-029-000","NR",4,{"v":8.139585300000002,"d":"€ 8.14"},{"v":32.55834120000001,"d":"32.56"},{"$nulls":3},0,{"$nulls":3},0]
["Rondella di registro","0870-105-923","NR",4,{"v":8.139585300000002,"d":"€ 8.14"},{"v":32.55834120000001,"d":"32.56"},{"$nulls":3},0,{"$nulls":3},0]
["Rondella di registro","0870-105-926","NR",4,{"v":8.139585300000002,"d":"€ 8.14"},{"v":32.55834120000001,"d":"32.56"},{"$nulls":3},0,{"$nulls":3},0]
["Rondella di registro","0870-111-640","NR",4,{"v":8.047982250000002,"d":"€ 8.05"},{"v":32.19192900000001,"d":"32.19"},{"$nulls":3},0,{"$nulls":3},0]
["Snodo      ","1021-400-020","NR",10,{"v":3.497927895000001,"d":"€ 3.50"},{"v":34.97927895000001,"d":"34.98"},{"$nulls":3},0,{"$nulls":3},0]
["Snodo per leva      ","1021-400-110","NR",20,{"v":6.477644250000002,"d":"€ 6.48"},{"v":129.55288500000003,"d":"129.55"},{"$nulls":3},0,{"$nulls":3},0]
["Sensore di bassa pre","1021-406-000","NR",6,{"v":44.79650868000002,"d":"€ 44.80"},{"v":268.7790520800001,"d":"268.78"},{"$nulls":3},0,{"$nulls":3},0]
["VALVOLA LIMITATRICE ","1102-199-000","NR",4,{"v":118.62725836500005,"d":"€ 118.63"},{"v":474.5090334600002,"d":"474.51"},{"$nulls":3},0,{"$nulls":3},0]
["VALVOLA A QUATTRO CI","1102-252-000","NR",4,{"v":86.987564895,"d":"€ 86.99"},{"v":347.95025958,"d":"347.95"},{"$nulls":3},0,{"$nulls":3},0]
["PINZA FRENO","1102-302-001","NR",2,{"v":1439.4765000000002,"d":"€ 1,439.48"},{"v":2878.9530000000004,"d":"2,878.95"},{"$nulls":3},0,{"$nulls":3},0]
["VALVOLA DEL FRENO A ","1102-662-000","NR",4,{"v":222.52867213500005,"d":"€ 222.53"},{"v":890.1146885400002,"d":"890.11"},{"$nulls":3},0,{"$nulls":3},0]
["Filtro     ","1102-751-110","NR",40,{"v":56.58451260000002,"d":"€ 56.58"},{"v":2263.3805040000007,"d":"2,263.38"},{"$nulls":3},0,{"$nulls":3},0]
["ESSICATORE ARIA PNEU","1102-751-140","NR",4,{"v":148.89421470000002,"d":"€ 148.89"},{"v":595.5768588000001,"d":"595.58"},{"$nulls":3},0,{"$nulls":3},0]
["SENSORE    ","1102-905-310","NR",4,{"v":11.123227500000004,"d":"€ 11.12"},{"v":44.492910000000016,"d":"44.49"},{"$nulls":3},0,{"$nulls":3},0]
["SENSORE ABS","1102-905-330","NR",4,{"v":62.68900000000001,"d":"€ 62.69"},{"v":250.75600000000003,"d":"250.76"},{"$nulls":3},0,{"$nulls":3},0]
["CENTRALINA EBS","1102-960-940","NR",2,{"v":769.065,"d":"€ 769.07"},{"v":1538.13,"d":"1,538.13"},{"$nulls":3},0,{"$nulls":3},0]
["TUBO FRENO IU12 COTR","1104-143-164","NR",2,{"v":78.13300000000001,"d":"€ 78.13"},{"v":156.26600000000002,"d":"156.27"},{"$nulls":3},0,{"$nulls":3},0]
["TUBO FRENO IU12 COTR","1104-143-165","NR",2,{"v":78.13300000000001,"d":"€ 78.13"},{"v":156.26600000000002,"d":"156.27"},{"$nulls":3},0,{"$nulls":3},0]
["ANELLO","1105-900-006","NR",20,{"v":0.9068701950000002,"d":"€ 0.91"},{"v":18.137403900000002,"d":"18.14"},{"$nulls":3},0,{"$nulls":3},0]
["Fissaggio  ","1203-200-000","NR",4,{"v":41.08265931000002,"d":"€ 41.08"},{"v":164.33063724000007,"d":"164.33"},{"$nulls":3},0,{"$nulls":3},0]
["GOMMA      ","1203-200-001","NR",4,{"v":109.54416165000002,"d":"€ 109.54"},{"v":438.1766466000001,"d":"438.18"},{"$nulls":3},0,{"$nulls":3},0]
["BIELLA BARRA STABILI","1203-228-600","NR",4,{"v":258.6595322850001,"d":"€ 258.66"},{"v":1034.6381291400005,"d":"1,034.64"},{"$nulls":3},0,{"$nulls":3},0]
["BIELLA BARRA STABILI","1203-228-700","NR",4,{"v":254.3842870800001,"d":"€ 254.38"},{"v":1017.5371483200004,"d":"1,017.54"},{"$nulls":3},0,{"$nulls":3},0]
["Valvola    ","1304-004-000","NR",40,{"v":4.2660849,"d":"€ 4.27"},{"v":170.643396,"d":"170.64"},{"$nulls":3},0,{"$nulls":3},0]
["COPERCHIO DI PROTEZI","1304-400-030","NR",4,{"v":41.299889400000005,"d":"€ 41.30"},{"v":165.19955760000002,"d":"165.20"},{"$nulls":3},0,{"$nulls":3},0]
["Calotta    ","1304-403-070","NR",8,{"v":180.96836835000005,"d":"€ 180.97"},{"v":1447.7469468000004,"d":"1,447.75"},{"$nulls":3},0,{"$nulls":3},0]
["Tappo con logo      ","1304-493-060","NR",4,{"v":8.767720500000003,"d":"€ 8.77"},{"v":35.07088200000001,"d":"35.07"},{"$nulls":3},0,{"$nulls":3},0]
["CENTRALINA ZR","1501-200-041","NR",2,{"v":1362.3170000000002,"d":"€ 1,362.32"},{"v":2724.6340000000005,"d":"2,724.63"},{"$nulls":3},0,{"$nulls":3},0]
["Riduttore magnetico ","1501-302-100","NR",4,{"v":59.882222400000025,"d":"€ 59.88"},{"$f":"SUM(E324*D324)","v":{"v":239.5288896000001,"d":"239.53"}},{"$nulls":3},0,{"$nulls":3},0]
["Fanale Catodiotrico ","1503-016-111","NR",8,{"v":4.606324800000002,"d":"€ 4.61"},{"v":36.85059840000002,"d":"36.85"},{"$nulls":3},{"$f":"I325*D325","v":0},{"$nulls":3},{"$f":"M325*D325","v":0}]
["INDICATORE DI DIREZI","1503-119-000","NR",2,{"v":22.801307760000004,"d":"€ 22.80"},{"v":45.60261552000001,"d":"45.60"},{"$nulls":3},0,{"$nulls":3},0]
["Supporto per luci di","1503-152-974","NR",2,{"v":28.386476580000007,"d":"€ 28.39"},{"v":56.772953160000014,"d":"56.77"},{"$nulls":3},0,{"$nulls":3},0]
["LAMPADA LATERALE DI ","1503-154-001","NR",8,{"v":9.774045435000003,"d":"€ 9.77"},{"v":78.19236348000003,"d":"78.19"},{"$nulls":3},0,{"$nulls":3},0]
["Fanale illuminazione","1503-408-000","NR",4,{"v":13.056051855000002,"d":"€ 13.06"},{"v":52.224207420000006,"d":"52.22"},{"$nulls":3},0,{"$nulls":3},0]
["LEVA FRECCIA        ","1506-086-100","NR",4,{"v":183.38930610000003,"d":"€ 183.39"},{"v":733.5572244000001,"d":"733.56"},{"$nulls":3},0,{"$nulls":3},0]
["LEVA RETARDER","1506-105-400","NR",4,{"v":429.3958399500002,"d":"€ 429.40"},{"v":1717.5833598000008,"d":"1,717.58"},{"$nulls":3},0,{"$nulls":3},0]
["Pulsante - STOP     ","1506-280-041","NR",8,{"v":7.413303975000003,"d":"€ 7.41"},{"v":59.30643180000003,"d":"59.31"},{"$nulls":3},0,{"$nulls":3},0]
["PULSANTE - STOP     ","1506-280-042","NR",4,{"v":7.413303975000003,"d":"€ 7.41"},{"v":29.653215900000014,"d":"29.65"},{"$nulls":3},0,{"$nulls":3},0]
["POMPETTA LAVACRISTAL","1507-018-010","NR",8,{"v":24.536531250000003,"d":"€ 24.54"},{"v":196.29225000000002,"d":"196.29"},{"$nulls":3},0,{"$nulls":3},0]
["Lampadina  ","1510-155-000","NR",40,{"v":1.5546346200000003,"d":"€ 1.55"},{"v":62.18538480000001,"d":"62.19"},{"$nulls":3},0,{"$nulls":3},0]
["Filtro     ","1512-100-220","NR",40,{"v":32.38400000000001,"d":"€ 32.38"},{"v":1295.3600000000004,"d":"1,295.36"},{"$nulls":3},0,{"$nulls":3},0]
["FASCIA     ","1538-000-217","NR",4,{"v":45.055614450000014,"d":"€ 45.06"},{"v":180.22245780000006,"d":"180.22"},{"$nulls":3},0,{"$nulls":3},0]
["Pompa del liquido di","1553-111-000","NR",4,{"v":1337.5746499500003,"d":"€ 1,337.57"},{"v":5350.298599800001,"d":"5,350.30"},{"$nulls":3},0,{"$nulls":3},0]
["Spinotto maschio    ","1553-548-000","NR",20,{"v":0.23031624000000006,"d":"€ 0.23"},{"v":4.606324800000001,"d":"4.61"},{"$nulls":3},0,{"$nulls":3},0]
["Supporto   ","1710-000-062","NR",2,{"v":24.989312040000005,"d":"€ 24.99"},{"v":49.97862408000001,"d":"49.98"},{"$nulls":3},0,{"$nulls":3},0]
["Lampada illuminazion","1710-006-154","NR",8,{"v":52.92955090500003,"d":"€ 52.93"},{"v":423.4364072400002,"d":"423.44"},{"$nulls":3},0,{"$nulls":3},0]
["Paraurti posteriore ","1710-006-458","NR",2,{"v":1348.1992951350005,"d":"€ 1,348.20"},{"v":2696.398590270001,"d":"2,696.40"},{"$nulls":3},0,{"$nulls":3},0]
["PARAURTI POSTERIORE","1710-006-656","NR",2,{"v":1292.0165273400003,"d":"€ 1,292.02"},{"v":2584.0330546800005,"d":"2,584.03"},{"$nulls":3},0,{"$nulls":3},0]
["PANNELLO LATERALE","1710-090-423","NR",2,{"v":122.90300000000002,"d":"€ 122.90"},{"v":245.80600000000004,"d":"245.81"},{"$nulls":3},0,{"$nulls":3},0]
["PANNELLO LATERALE","1710-090-434","NR",2,{"v":555.797,"d":"€ 555.80"},{"v":1111.594,"d":"1,111.59"},{"$nulls":3},0,{"$nulls":3},0]
["PANNELLO LATERALE","1710-090-441","NR",2,{"v":221.452,"d":"€ 221.45"},{"v":442.904,"d":"442.90"},{"$nulls":3},0,{"$nulls":3},0]
["PANNELLO LATERALE","1710-090-447","NR",2,{"v":394.57,"d":"€ 394.57"},789.14,{"$nulls":3},0,{"$nulls":3},0]
["PANNELLO LATERALE","1710-090-454","NR",2,{"v":221.18800000000005,"d":"€ 221.19"},{"v":442.3760000000001,"d":"442.38"},{"$nulls":3},0,{"$nulls":3},0]
["Fissaggio sensori   ","1792-363-000","NR",8,{"v":5.023772985000003,"d":"€ 5.02"},{"v":40.19018388000002,"d":"40.19"},{"$nulls":3},0,{"$nulls":3},0]
["Elettrodo di accensi","1802-148-460","NR",10,{"v":13.609596000000002,"d":"€ 13.61"},{"v":136.09596000000002,"d":"136.10"},{"$nulls":3},0,{"$nulls":3},0]
["Tubo carburante     ","1802-822-365","NR",4,{"v":87.93892800000003,"d":"€ 87.94"},{"v":351.75571200000013,"d":"351.76"},{"$nulls":3},0,{"$nulls":3},0]
["Sensore di temperatu","1802-900-011","NR",4,{"v":76.72409745000003,"d":"€ 76.72"},{"v":306.8963898000001,"d":"306.90"},{"$nulls":3},0,{"$nulls":3},0]
["Sensore ghiaccio    ","1802-900-031","NR",4,{"v":53.72126298000002,"d":"€ 53.72"},{"v":214.88505192000008,"d":"214.89"},{"$nulls":3},0,{"$nulls":3},0]
["POMPA DI CIRCOLAZION","1802-900-204","NR",4,{"v":883.3151250000002,"d":"€ 883.32"},{"v":3533.260500000001,"d":"3,533.26"},{"$nulls":3},0,{"$nulls":3},0]
["Riparo schizzi      ","1802-904-210","NR",10,{"v":8.833151250000004,"d":"€ 8.83"},{"v":88.33151250000003,"d":"88.33"},{"$nulls":3},0,{"$nulls":3},0]
["Limitatore di temper","1802-905-508","NR",4,{"v":101.05125030000004,"d":"€ 101.05"},{"v":404.20500120000014,"d":"404.21"},{"$nulls":3},0,{"$nulls":3},0]
["Filtro     ","1802-905-596","NR",40,{"v":28.789530000000006,"d":"€ 28.79"},{"v":1151.5812000000003,"d":"1,151.58"},{"$nulls":3},0,{"$nulls":3},0]
["COMPRESSORE KLIMA","1802-907-006","NR",2,{"v":3193.4131845000006,"d":"€ 3,193.41"},{"v":6386.826369000001,"d":"6,386.83"},{"$nulls":3},0,{"$nulls":3},0]
["BOCCHETTA AREAZIONE ","1803-304-000","NR",40,{"v":3.814612725000001,"d":"€ 3.81"},{"v":152.58450900000003,"d":"152.58"},{"$nulls":3},0,{"$nulls":3},0]
["MOTORE A PASSO      ","1803-922-561","NR",4,{"v":180.72627457500008,"d":"€ 180.73"},{"v":722.9050983000003,"d":"722.91"},{"$nulls":3},0,{"$nulls":3},0]
["Radiatore  ","1803-922-653","NR",4,{"v":494.65647000000007,"d":"€ 494.66"},{"v":1978.6258800000003,"d":"1,978.63"},{"$nulls":3},0,{"$nulls":3},0]
["Guarnizione","1804-160-697","NR",20,{"v":4.1221372500000015,"d":"€ 4.12"},{"v":82.44274500000003,"d":"82.44"},{"$nulls":3},0,{"$nulls":3},0]
["CENTRALINA COMANDO K","1808-100-060","NR",2,{"v":780.7864483650003,"d":"€ 780.79"},{"v":1561.5728967300006,"d":"1,561.57"},{"$nulls":3},0,{"$nulls":3},0]
["LATERALE TENDA AVVOL","1904-146-015","NR",4,{"v":217.202609085,"d":"€ 217.20"},{"v":868.81043634,"d":"868.81"},{"$nulls":3},0,{"$nulls":3},0]
["COPPA BUS CON VETRO ","1905-024-056","NR",4,{"v":190.44274095000011,"d":"€ 190.44"},{"v":761.7709638000005,"d":"761.77"},{"$nulls":3},0,{"$nulls":3},0]
["Coppa Con Vetro Dopp","1905-024-061","NR",2,{"v":197.04993808500006,"d":"€ 197.05"},{"v":394.09987617000013,"d":"394.10"},{"$nulls":3},0,{"$nulls":3},0]
["Inserto specchio mag","1905-024-067","NR",2,{"v":46.63903860000001,"d":"€ 46.64"},{"v":93.27807720000003,"d":"93.28"},{"$nulls":3},0,{"$nulls":3},0]
["Elemento Specchio Sx","1905-024-068","NR",4,{"v":54.41221170000001,"d":"€ 54.41"},{"v":217.64884680000003,"d":"217.65"},{"$nulls":3},0,{"$nulls":3},0]
["Specchio Esteriore D","1905-024-107","NR",2,{"v":477.4743550500001,"d":"€ 477.47"},{"v":954.9487101000002,"d":"954.95"},{"$nulls":3},0,{"$nulls":3},0]
["Conduttore 10pin    ","1905-024-111","NR",2,{"v":40.80915877500001,"d":"€ 40.81"},{"v":81.61831755000001,"d":"81.62"},{"$nulls":3},0,{"$nulls":3},0]
["SPECCHIO ESTERNO","1905-502-001","NR",2,{"v":861.2675794800004,"d":"€ 861.27"},{"v":1722.535158960001,"d":"1,722.54"},{"$nulls":3},0,{"$nulls":3},0]
["SPECCHIO ESTERNO","1905-503-001","NR",2,{"v":420.52866471000004,"d":"€ 420.53"},{"v":841.0573294200001,"d":"841.06"},{"$nulls":3},0,{"$nulls":3},0]
["Specchietto Esterno ","1905-504-000","NR",2,{"v":62.02704238500002,"d":"€ 62.03"},{"v":124.05408477000005,"d":"124.05"},{"$nulls":3},0,{"$nulls":3},0]
["MANICO     ","1906-041-025","NR",4,{"v":8.46412182,"d":"€ 8.46"},{"v":33.85648728,"d":"33.86"},{"$nulls":3},0,{"$nulls":3},0]
["Molla a gas","1912-013-006","NR",12,{"v":17.548527150000005,"d":"€ 17.55"},{"v":210.58232580000006,"d":"210.58"},{"$nulls":3},0,{"$nulls":3},0]
["MOLLA A GAS","1912-110-005","NR",4,{"v":12.798254700000003,"d":"€ 12.80"},{"v":51.19301880000001,"d":"51.19"},{"$nulls":3},0,{"$nulls":3},0]
["Vetro parete divisor","1914-008-000","NR",4,{"v":109.94500000000001,"d":"€ 109.95"},{"v":439.78000000000003,"d":"439.78"},{"$nulls":3},0,{"$nulls":3},0]
["Elemento Della Serra","1960-205-591","NR",20,{"v":0.5901853650000002,"d":"€ 0.59"},{"v":11.803707300000003,"d":"11.80"},{"$nulls":3},0,{"$nulls":3},0]
["Elemento Della Serra","1960-205-592","NR",20,{"v":1.5114503250000006,"d":"€ 1.51"},{"v":30.22900650000001,"d":"30.23"},{"$nulls":3},0,{"$nulls":3},0]
["ELEMENTO DI FISSAGGI","1960-600-642","NR",4,{"v":15.661504320000006,"d":"€ 15.66"},{"v":62.646017280000024,"d":"62.65"},{"$nulls":3},0,{"$nulls":3},0]
["PARABREZZA IU12 COTR","2200-000-619","NR",14,{"v":1698.7262176500003,"d":"€ 1,698.73"},{"v":23782.167047100003,"d":"23,782.17"},{"$nulls":3},0,{"$nulls":3},0]
["FINESTRINO CONDUCENT","2200-000-669","NR",2,{"v":1759.0402830000003,"d":"€ 1,759.04"},{"v":3518.0805660000005,"d":"3,518.08"},{"$nulls":3},0,{"$nulls":3},0]
["Pannello sotto il ve","2200-000-723","NR",2,{"v":175.71689635500005,"d":"€ 175.72"},{"v":351.4337927100001,"d":"351.43"},{"$nulls":3},0,{"$nulls":3},0]
["VETRO LATERALE      ","2200-000-900","NR",8,{"v":883.883,"d":"€ 883.88"},{"v":7071.064,"d":"7,071.06"},{"$nulls":3},0,{"$nulls":3},0]
["VETRO LATERALE      ","2200-000-961","NR",8,{"v":588.368,"d":"€ 588.37"},{"v":4706.944,"d":"4,706.94"},{"$nulls":3},0,{"$nulls":3},0]
["VETRO LATERALE      ","2200-000-966","NR",8,{"v":543.2296415700002,"d":"€ 543.23"},{"v":4345.837132560002,"d":"4,345.84"},{"$nulls":3},0,{"$nulls":3},0]
["VETRO LATERALE      ","2200-000-968","NR",8,{"v":614.5844916750002,"d":"€ 614.58"},{"v":4916.675933400002,"d":"4,916.68"},{"$nulls":3},0,{"$nulls":3},0]
["VETRO LATERALE      ","2200-000-969","NR",8,{"v":686.4575533200001,"d":"€ 686.46"},{"$f":"SUM(E388*D388)","v":{"v":5491.660426560001,"d":"5,491.66"}},{"$nulls":3},0,{"$nulls":3},0]
["VETRO LATERALE","2200-001-010","NR",8,{"v":357.3788306550001,"d":"€ 357.38"},{"v":2859.030645240001,"d":"2,859.03"},{"$nulls":3},{"$f":"I389*D389","v":0},{"$nulls":3},{"$f":"M389*D389","v":0}]
["VETRO LATERALE","2200-001-014","NR",2,{"v":324.4148188050001,"d":"€ 324.41"},{"v":648.8296376100002,"d":"648.83"},{"$nulls":3},0,{"$nulls":3},0]
["VETRO LATERALE","2200-001-015","NR",8,{"v":324.4148188050001,"d":"€ 324.41"},{"v":2595.3185504400008,"d":"2,595.32"},{"$nulls":3},0,{"$nulls":3},0]
["PANELLO SOTTOPARABRE","2200-001-144","NR",14,{"v":243.54000000000002,"d":"€ 243.54"},{"v":3409.5600000000004,"d":"3,409.56"},{"$nulls":3},0,{"$nulls":3},0]
["VETRO POSTERIORE    ","2200-001-351","NR",2,{"v":412.12212195000023,"d":"€ 412.12"},{"v":824.2442439000005,"d":"824.24"},{"$nulls":3},0,{"$nulls":3},0]
["LUNOTTO POSTERIORE","2200-001-392","NR",14,{"v":488.29,"d":"€ 488.29"},{"v":6836.06,"d":"6,836.06"},{"$nulls":3},0,{"$nulls":3},0]
["PARABREZZA","2200-002-001","NR",2,{"v":1751.8141109700007,"d":"€ 1,751.81"},{"v":3503.6282219400014,"d":"3,503.63"},{"$nulls":3},0,{"$nulls":3},0]
["VETRO LATERALE","2200-002-423","NR",2,{"v":324.4148188050001,"d":"€ 324.41"},{"v":648.8296376100002,"d":"648.83"},{"$nulls":3},0,{"$nulls":3},0]
["VETRO LATERALE","2200-002-468","NR",2,{"v":324.4148188050001,"d":"€ 324.41"},{"v":648.8296376100002,"d":"648.83"},{"$nulls":3},0,{"$nulls":3},0]
["vetro vasistas","2203-041-107","NR",2,{"v":300.76421991,"d":"€ 300.76"},{"v":601.52843982,"d":"601.53"},{"$nulls":3},0,{"$nulls":3},0]
["Serratura  ","2205-154-071","NR",8,{"v":14.970555600000006,"d":"€ 14.97"},{"v":119.76444480000005,"d":"119.76"},{"$nulls":3},0,{"$nulls":3},0]
["PELLICOLA OSCURANTE ","2207-003-051","NR",2,{"v":26.180000000000003,"d":"€ 26.18"},{"v":52.36000000000001,"d":"52.36"},{"$nulls":3},0,{"$nulls":3},0]
["SPORTELLO CARBURANTE","2301-903-101","NR",4,{"v":79.50228709500003,"d":"€ 79.50"},{"v":318.0091483800001,"d":"318.01"},{"$nulls":3},0,{"$nulls":3},0]
["SPORTELLO CARBURANTE","2301-903-210","NR",4,{"v":90.68701950000005,"d":"€ 90.69"},{"v":362.7480780000002,"d":"362.75"},{"$nulls":3},0,{"$nulls":3},0]
["Serratura  ","2302-550-103","NR",2,{"v":20.051907645000007,"d":"€ 20.05"},{"v":40.103815290000014,"d":"40.10"},{"$nulls":3},0,{"$nulls":3},0]
["CHIAVE A 3 FUNZIONI ","2302-552-072","NR",20,{"v":9.13,"d":"€ 9.13"},{"v":182.60000000000002,"d":"182.60"},{"$nulls":3},0,{"$nulls":3},0]
["ELEMENTO REGOLAZIONE","2501-170-119","NR",4,{"v":154.58538133500002,"d":"€ 154.59"},{"v":618.3415253400001,"d":"618.34"},{"$nulls":3},0,{"$nulls":3},0]
["Antenna Df-106000501","2602-052-000","NR",4,{"v":19.17382698000001,"d":"€ 19.17"},{"v":76.69530792000003,"d":"76.70"},{"$nulls":3},0,{"$nulls":3},0]
["Segnalatore acustico","2602-770-110","NR",2,{"v":249.63401463000008,"d":"€ 249.63"},{"v":499.26802926000016,"d":"499.27"},{"$nulls":3},0,{"$nulls":3},0]
["Filtro     ","5104-504-020","NR",40,{"v":5.83,"d":"€ 5.83"},{"v":233.2,"d":"233.20"},{"$nulls":3},0,{"$nulls":3},0]
["VETRO PORTA","5300-007-023","NR",2,{"v":868.6700000000001,"d":"€ 868.67"},{"v":1737.3400000000001,"d":"1,737.34"},{"$nulls":3},0,{"$nulls":3},0]
["POTENZIOMETRO RALLA","5300-009-897","NR",2,{"v":483.66410400000007,"d":"€ 483.66"},{"v":967.3282080000001,"d":"967.33"},{"$nulls":3},0,{"$nulls":3},0]
["PREZZO TOTALE LISTINO RICAMBI ",{"$nulls":4},{"$f":"SUM(F4:F410)","v":{"v":528000.0018784701,"d":"528,000.00"}},"PREZZO TOTALE RICAMBI ORIGINALI OFFERTI (A)",null,null,{"$f":"SUM(J4:J410)","v":0},"PREZZO TOTALE RICAMBI EQUIVALENTI OFFERTI (B)",null,null,{"$f":"SUM(N4:N410)","v":0}]
[]
[]
[{"$nulls":6},"PREZZO TOTALE OFFERTO (A+B) IN CIFRE     €",{"$nulls":5},{"$f":"J411+N411","v":0}]
[]
["SCONTI RICAMBI FUORI LISTINO",{"$nulls":5},"PREZZO TOTALE OFFERTO (A+B) IN LETTERE     €"]
["TIPOLOOGIA DI RICAMBI","CATEGORIA LISTINO","Sconto\nOfferto\n%"]
["ORIGINALE"]
["EQUIVALENTE",{"$nulls":4},"Data____________________________",null,null,"Timbro Ditta e firma________________________________________"]

{"sheet":"Foglio2","index":1,"n_rows":0,"n_cols":0,"rows_kept":0}